| 000 | 00390 a2200157 4500 | ||
|---|---|---|---|
| 999 |
_c12811 _d12811 |
||
| 003 | OSt | ||
| 005 | 20240703135128.0 | ||
| 008 | 240703b ||||| |||| 00| 0 eng d | ||
| 020 | _a9780300244229 | ||
| 082 | _a[720.92 LIM] | ||
| 100 | _aZeuler R. M. de A. Lima and Barry Bergdoll | ||
| 245 | _aLina Bo Bardi | ||
| 260 |
_bYale University Press _c2013 |
||
| 300 | _a239p; | ||
| 942 | _2ddc | ||